Entry Personal Name
Number of records used in: 1
001 - CONTROL NUMBER
003 - CONTROL NUMBER IDENTIFIER
005 - DATE AND TIME OF LATEST TRANSACTION
- control field:
20230823105916.0
008 - FIXED-LENGTH DATA ELEMENTS
- fixed length control field:
840404n| azannaabn |a aaa
010 ## - LIBRARY OF CONGRESS CONTROL NUMBER
- LC control number:
n 84017809
- Canceled/invalid LC control number:
no 93034706
035 ## - SYSTEM CONTROL NUMBER
- System control number:
(OCoLC)oca01088692
040 ## - CATALOGING SOURCE
- Original cataloging agency:
DLC
- Language of cataloging:
eng
- Description conventions:
rda
- Transcribing agency:
DLC
- Modifying agency:
DLC
- Modifying agency:
NcU
- Modifying agency:
DLC
100 1# - HEADING--PERSONAL NAME
- Personal name:
Perreault, William D.,
- Titles and other words associated with a name:
Jr.
370 ## - ASSOCIATED PLACE
- Associated country:
United States
- Source of term:
naf
373 ## - ASSOCIATED GROUP
- Associated group:
University of North Carolina at Chapel Hill
- Source of term:
naf
377 ## - ASSOCIATED LANGUAGE
400 1# - SEE FROM TRACING--PERSONAL NAME
- Control subfield:
nnea
- Personal name:
Perreault, William D.
670 ## - SOURCE DATA FOUND
- Source citation:
McCarthy, E.J. Basic marketing, 1984:
- Information found:
t.p. (William D. Perreault, Jr.; Univ. of N.C.) p. 1 (Ph.D., Univ. of N.C., Chapel Hill, 1973; prof. at the Sch. of Bus., UNC, Chapel Hill)
670 ## - SOURCE DATA FOUND
- Source citation:
Organizational buying contexts and ... 1993:
- Information found:
t.p. (William D. Perrault, Jr.) prelim. p. (Professor, Kenan-Flagler Business School, Univ. of N.C.)